Central Library OPAC University of Rajshahi

Growth and income distribution in India : (Record no. 59163)

MARC details
000 -LEADER
fixed length control field 00897nam a2200289 a 4500
001 - CONTROL NUMBER
control field 59163
003 - CONTROL NUMBER IDENTIFIER
rucl marc code BD-RjUL
005 - DATE AND TIME OF LATEST TRANSACTION
control field 20211209080712.0
008 - FIXED-LENGTH DATA ELEMENTS--GENERAL INFORMATION
fixed length control field 161221s1987 ii a b 001 0 eng
020 ## - INTERNATIONAL STANDARD BOOK NUMBER
International Standard Book Number 0803995229 (U.S.)
International Standard Book Number 0803995237 (U.S. : pbk.)
International Standard Book Number 8170360420
International Standard Book Number 8170360439
035 ## - SYSTEM CONTROL NUMBER
System control number (BD-RjUL)59287
040 ## - CATALOGING SOURCE
Original cataloging agency DLC
Transcribing agency DLC
Modifying agency BD-RjUL
Language of cataloging eng
041 ## - LANGUAGE CODE
Language code of text/sound track or separate title eng
082 00 - DEWEY DECIMAL CLASSIFICATION NUMBER
Classification number 330.954
Edition number 23
Author mark and year SUG 1987
100 1# - MAIN ENTRY--PERSONAL NAME
Personal name Sundrum, R. M.
9 (RLIN) 175913
245 10 - TITLE STATEMENT
Title Growth and income distribution in India :
Remainder of title policy and performance since independence /
Statement of responsibility, etc. R.M. Sundrum.
260 ## - PUBLICATION, DISTRIBUTION, ETC. (IMPRINT)
Place of publication, distribution, etc. New Delhi :
Name of publisher, distributor, etc. Sage Publications,
Date of publication, distribution, etc. 1987.
300 ## - PHYSICAL DESCRIPTION
Pagination 356 p. :
Illustrations ill. ;
Size 23 cm.
500 ## - GENERAL NOTE
General note Includes index.
504 ## - BIBLIOGRAPHY, ETC. NOTE
Bibliography, etc Bibliography: p. [341]-350.
651 #0 - SUBJECT ADDED ENTRY--GEOGRAPHIC NAME
Geographic name India
General subdivision Economic conditions
Chronological subdivision 1947-
9 (RLIN) 174939
Geographic name India
General subdivision Economic policy
Chronological subdivision 1947-
9 (RLIN) 175263
942 ## - ADDED ENTRY ELEMENTS (KOHA)
Source of classification or shelving scheme Dewey Decimal Classification
Koha item type Books
Holdings
Lost status Source of classification or shelving scheme Damaged status Not for loan Collection code Permanent Location Current Location Shelving location Date acquired Source of acquisition Cost, normal purchase price Total Checkouts Full call number Date last seen Copy number Koha item type
  Dewey Decimal Classification   Not For Loan Non-fiction Central Library, University of Rajshahi Central Library, University of Rajshahi Reading Room 24/05/1990 karim International 95.00   330.954 SUG 1987 21/12/2016 C-1 Books